Modrý anjel: "Dobrý deň, čo pre vás môžeme urobiť?"
Nezisková organizácia "Modrý anjel", ktorej poslaním je zmierňovanie a likvidácia následkov krízových situácií po mimoriadnych udalostiach. Spolupráca, pomoc a rozšírenie služieb aj pre jednotlivcov, ktorých zasiahla traumatizujúca udalosť.
Enregistré dans:
| Auteur principal: | |
|---|---|
| Format: | Chapitre de livre |
| Langue: | slovaque |
| Sujets: | |
| Tags: |
Pas de tags, Soyez le premier à ajouter un tag!
|
MARC
| LEADER | 00000naa a2200000 4500 | ||
|---|---|---|---|
| 001 | 0161692 | ||
| 005 | 20230912101539.7 | ||
| 041 | 0 | |a slo | |
| 044 | |a SK | ||
| 245 | 1 | 0 | |a Modrý anjel: "Dobrý deň, čo pre vás môžeme urobiť?" |c Mona Gáliková |
| 520 | |a Nezisková organizácia "Modrý anjel", ktorej poslaním je zmierňovanie a likvidácia následkov krízových situácií po mimoriadnych udalostiach. Spolupráca, pomoc a rozšírenie služieb aj pre jednotlivcov, ktorých zasiahla traumatizujúca udalosť. | ||
| 610 | 2 | 0 | |a organizácie neziskové |
| 610 | 2 | 0 | |a organizácie nevládne |
| 610 | 2 | 0 | |a pomoc humanitárna |
| 610 | 2 | 0 | |a pomoc technická |
| 610 | 2 | 0 | |a havárie |
| 610 | 2 | 0 | |a pohromy živelné |
| 610 | 2 | 0 | |a nehody |
| 100 | 1 | |a Gáliková, Mona | |